01343 a2200205 45000010006000000050017000060080041000230030015000640400040000790800076001192450104001950200022002992640043003213000019003645050599003830410008009821000023009907000025010138560099010384933220260407155756.0260407a2019 arg spa dAR-UNSa-BCEJYS aAR-UNSa-BCEJYSbspacAR-UNSa-BCEJYS a657.23xCompensaciones. Correcciones. Ajustes (devaluación monetaria)10aAjuste por inflaciónpRT Nº 6, RT Nº 48, RJG 539/18. Guías de aplicación de CENCyA (FACPCE) a978-987-716-105-2 1aBuenos Aires :bOsmar D. Buyattic2019 a291 p.c22 cm. a1. Modelos contables - 2. Antecedentes históricos de la aplicación en los Estados Contables en Argentina - 3. Aspectos generales del ajuste integral por inflación de los Estados Contables. Resolución Técnica N° 6 - 4. Remedición de activos: RT N° 48 FACPCE - 5. Ajuste por inflación de algunos rubros del activo - 6. Re expresión de los componentes del patrimonio neto - 7. El método de impuesto diferido y el ajuste por inflación de la RT N° 6 - 8. Presentación de Estados Contables ajustados por inflación - 9. El Estado de flujo efectivo ajustado por inflación.  aspa1 aPetti, Ana María1 aLanza, Heraclio Juan41uhttps://www.biblioeco.unsa.edu.ar/pmb/images/libros/L127987.jpgyImagen de portadaqimage/jpeg